000
00199pam a2200097 a 4500
020
_c
041
_a
eng
100
_a
Lovelock J.
245
_a
Donne:Songs And Sonets
_h
Textual Documents
930
_a
5968
999
_c
82884
_d
82884